| 000 | 00725cam a2200229 a 4500 | ||
|---|---|---|---|
| 001 | 1638395 | ||
| 005 | 20180220053204.0 | ||
| 008 | 961121s1996 cou b 000 0 eng | ||
| 010 | _a 96079884 | ||
| 020 | _a188979600X | ||
| 040 |
_aDLC _cDLC _dDLC |
||
| 041 | _aeng | ||
| 080 | _a530.812 | ||
| 082 | 0 | 0 |
_a530.812 YOU _221 |
| 100 | 1 | _a59 | |
| 101 | _aKAP | ||
| 245 | 1 | 0 |
_aMeasure for measure / _cby Richard A. Young, Thomas J. Glover. |
| 504 | _aIncludes bibliographical references (p. 33-36). | ||
| 906 |
_a7 _bcbc _corignew _d2 _eopcn _f19 _gy-gencatlg |
||
| 942 |
_2ddc _cBK |
||
| 999 |
_c42912 _d42912 |
||